000 01114nac a22003137a 4500
001 BR9000965
003 BR-BrBNA
005 20240105121037.0
008 230509b bl.|||m| |||| 00| 0 por d
040 _aBR-BrBNA
_bpor
_cBiblioteca Nacional de Agricultura
072 _aF30; F01
090 _a1119 BR9000965
100 1 _aAthayde, M.O.
100 1 _aFornazier, M.J.
100 1 _aCosta, A.N. da
100 1 _aNunes, F.A.R.
110 1 _aEmpresa Capixaba de Pesquisa Agropecuaria, Vitoria, ES (Brasil)
245 1 _aAvaliacao de cultivares de nespereira para a regiao serrana do Espirito Santo
246 1 _a[Evaluation of medlar tree (Eriobotria japonica Lindl)cultivars for the mountaineer region at Espirito Santo]
260 3 _aVitoria, ES (Brasil):
_c1990.
300 _a7 p.
490 _aPesquisa em Andamento - Empresa Capixaba de Pesquisa Agropecuaria (Brazil)
_vno. 54
_xISSN 0101-5834
650 _aNESPERA
650 _aCOMPORTAMENTO DE VARIEDADE
650 _aRENDIMENTO
650 _aESPIRITO SANTO
909 _a202312
_bLúcia Elande
_c55
_dLúcia Elande
942 _2AGRIS
_n0
_cMS
999 _c282951
_d282951